[Event "Solingen-ch"]
[Site "Solingen"]
[Date "2011.11.04"]
[Round "4.7"]
[White "Zolfagharian, Kevin"]
[Black "Andrä, Philipp"]
[Result "1-0"]
[WhiteElo "1672"]
[BlackElo "1908"]
[PlyCount "87"]
[EventDate "2011.??.??"]
[WhiteTeam "Schachgesellschaft Solingen e.V."]
[BlackTeam "Schachgesellschaft Solingen e.V."]

1. e4 c5 2. Nf3 d6 3. d4 cxd4 4. Nxd4 Nf6 5. Nc3 a6 6. Bg5 e6 7. Qd2 Be7 8.
O-O-O h6 9. Bxf6 Bxf6 10. Kb1 O-O 11. f4 b5 12. g4 Bb7 13. Bg2 Qc7 14. h4 b4
15. Nce2 Rc8 16. g5 Bxd4 17. Nxd4 h5 18. g6 fxg6 19. Nxe6 Qc4 20. e5 Bxg2 21.
Qxg2 Ra7 22. Qxg6 dxe5 23. Ng5 exf4 24. Qh7+ Kf8 25. Rhf1 Rd7 26. Qh8+ Ke7 27.
Qxg7+ Kd8 28. Nf7+ Kc7 29. Qe5+ Kb6 30. Nd6 Qxc2+ 31. Ka1 Rc5 32. Qxf4 a5 33.
Qe3 Rdc7 34. Ne4 a4 35. Nxc5 Qxc5 36. Rf6+ Kb7 37. Qxc5 Rxc5 38. Rfd6 Rc2 39.
R6d5 Nc6 40. Kb1 Re2 41. Rxh5 Ne5 42. Rd6 Nc4 43. Rh7+ Kc8 44. Rc6+ 1-0

[Event "Solingen-ch"]
[Site "Solingen"]
[Date "2011.11.04"]
[Round "4.8"]
[White "Winkler, Fabian"]
[Black "Porstmann, Jan"]
[Result "0-1"]
[WhiteElo "1969"]
[BlackElo "1616"]
[PlyCount "140"]
[EventDate "2011.??.??"]
[WhiteTeam "Schachgesellschaft Solingen e.V."]
[BlackTeam "Schachgesellschaft Solingen e.V."]

1. d4 d5 2. Nf3 e6 3. c4 Be7 4. Nc3 Nf6 5. Qc2 O-O 6. Bg5 Nbd7 7. e3 b6 8. cxd5
exd5 9. Bd3 Bb7 10. O-O h6 11. Bh4 c5 12. Bg3 Nh5 13. Be5 cxd4 14. exd4 Nxe5
15. Nxe5 Nf4 16. Bb5 Bd6 17. Qf5 Bxe5 18. Qxe5 Ng6 19. Qf5 Ne7 20. Qf3 a6 21.
Ba4 b5 22. Bb3 Bc6 23. Rae1 a5 24. Re5 Ng6 25. Rh5 b4 26. Na4 Ne7 27. Rc1 Rc8
28. Nc5 a4 29. Bc2 Bb5 30. b3 axb3 31. Bxb3 Bc6 32. Qg3 Ng6 33. Ne6 fxe6 34.
Qxg6 Be8 35. Qxe6+ Bf7 36. Rxc8 Qxc8 37. Qxc8 Rxc8 38. g4 Bxh5 39. gxh5 Rd8 40.
Kg2 Kf7 41. Kf3 Kf6 42. Kf4 Ke6 43. Kg4 Kf6 44. Kf4 Ke6 45. Kg4 Rf8 46. h4 Rf6
47. f3 g6 48. hxg6 Rxg6+ 49. Kh5 Rf6 50. Kg4 Rf5 51. Bc2 Rf6 52. Bb3 Rg6+ 53.
Kh5 Rf6 54. Kg4 h5+ 55. Kg3 Rg6+ 56. Kf4 Rg2 57. Ke3 Rh2 58. f4 Rh3+ 59. Ke2
Rxh4 60. Kf3 Rh3+ 61. Ke2 Rg3 62. f5+ Kd6 63. f6 Rg6 64. Kf3 Rxf6+ 65. Kg3 Rg6+
66. Kh4 Rg4+ 67. Kxh5 Rxd4 68. Kg5 Ke5 69. Ba4 Rd2 70. Bb3 Rb2 0-1

[Event "Solingen-ch"]
[Site "Solingen"]
[Date "2011.11.04"]
[Round "4.9"]
[White "Kissing, Bastian"]
[Black "Hoffmann, Frank"]
[Result "1/2-1/2"]
[WhiteElo "1658"]
[BlackElo "1845"]
[PlyCount "42"]
[EventDate "2011.??.??"]
[WhiteTeam "Schachclub Tornado Wuppertal 199"]
[BlackTeam "Schachverein Springer 70 Hitdorf"]

1. e4 c5 2. Nf3 d6 3. d4 cxd4 4. Nxd4 Nf6 5. Nc3 a6 6. Be3 e6 7. f3 Be7 8. Qd2
Nc6 9. O-O-O Qc7 10. g4 Nxd4 11. Qxd4 e5 12. Qb6 Qxb6 13. Bxb6 Be6 14. g5 Nh5
15. Be3 Rc8 16. Nd5 Bxd5 17. Rxd5 O-O 18. Bh3 Rc6 19. Bg4 g6 20. Bxh5 gxh5 21.
h4 Rfc8 1/2-1/2

[Event "Solingen-ch"]
[Site "Solingen"]
[Date "2011.11.04"]
[Round "4.10"]
[White "Sherif, Amina"]
[Black "Bauer, Matthias"]
[Result "1/2-1/2"]
[WhiteElo "1462"]
[BlackElo "1737"]
[PlyCount "65"]
[EventDate "2011.??.??"]
[WhiteTeam "Schachgesellschaft Solingen e.V."]
[BlackTeam "Schachverein Günnigfeld 1922 e.V"]

1. e4 c6 2. d4 d5 3. f3 Nd7 4. Nc3 e6 5. a3 a5 6. Bf4 dxe4 7. fxe4 Ngf6 8. Nf3
c5 9. Nb5 Ra6 10. Nc7+ Ke7 11. Nxa6 bxa6 12. Bd3 cxd4 13. Nxd4 Qb6 14. Be3 Ke8
15. Nf5 Qxb2 16. Bd4 Qb8 17. Ng3 Bb7 18. Qe2 Bc5 19. Bxc5 Nxc5 20. O-O Qe5 21.
Rfe1 Ke7 22. Rab1 Rd8 23. Qe3 Qd4 24. Qxd4 Rxd4 25. Rbd1 Bxe4 26. Nxe4 Nfxe4
27. Bxe4 Rxd1 28. Rxd1 Nxe4 29. Kf1 Nc5 30. Ke2 Ne4 31. Rd3 Nd6 32. Rb3 Nb5 33.
Rd3 1/2-1/2

[Event "Solingen-ch"]
[Site "Solingen"]
[Date "2011.11.04"]
[Round "4.11"]
[White "Düxmann, Marcel"]
[Black "Kublanov, Vladislav"]
[Result "1/2-1/2"]
[WhiteElo "1717"]
[BlackElo "1621"]
[PlyCount "78"]
[EventDate "2011.??.??"]
[WhiteTeam "Schachclub Solingen 1928 e.V."]
[BlackTeam "Schachgesellschaft Solingen e.V."]

1. d4 d5 2. c4 e6 3. e3 Nf6 4. a3 c5 5. Nf3 cxd4 6. exd4 dxc4 7. Bxc4 Be7 8.
Nc3 O-O 9. O-O Nbd7 10. Bb3 Nb6 11. Ne5 Nbd5 12. Qd3 Re8 13. Nxd5 exd5 14. Bg5
a6 15. Bxf6 Bxf6 16. f4 g6 17. Qf3 Be6 18. g4 Bxe5 19. fxe5 Rc8 20. h3 Re7 21.
Rac1 Rec7 22. Qe3 Qh4 23. Rxc7 Rxc7 24. Kg2 Qd8 25. Rc1 Rxc1 26. Qxc1 Qb6 27.
Qc3 Qb5 28. Bd1 Qb6 29. b4 Qd8 30. Kg3 Kg7 31. Bf3 Qd7 32. Qc5 Qc6 33. Qxc6
bxc6 34. g5 Kf8 35. Be2 Bc8 36. h4 Ke7 37. Kf4 Ke8 38. Ke3 Kd8 39. Kd2 Kc7
1/2-1/2

[Event "Solingen-ch"]
[Site "Solingen"]
[Date "2011.11.04"]
[Round "4.12"]
[White "Müller, Ernst"]
[Black "Nguyen, Philipp"]
[Result "1-0"]
[WhiteElo "1510"]
[BlackElo "1108"]
[PlyCount "79"]
[EventDate "2011.??.??"]
[WhiteTeam "Schachgesellschaft Solingen e.V."]
[BlackTeam "Schachgesellschaft Solingen e.V."]

1. e4 c5 2. c3 Nf6 3. Bd3 Nc6 4. Bc2 e6 5. Nf3 d6 6. d4 cxd4 7. Nxd4 Be7 8. Be3
O-O 9. Nd2 a6 10. O-O Qc7 11. h3 Nd7 12. f4 Rd8 13. Rc1 b5 14. Nxc6 Qxc6 15. e5
d5 16. Nb3 Qc7 17. Bd4 a5 18. Qd3 g6 19. Qe3 a4 20. Nd2 Bb7 21. Bd3 Ba6 22. a3
Rdc8 23. Nf3 Qd8 24. Nh2 h5 25. g4 hxg4 26. Nxg4 Bf8 27. Kh2 Nc5 28. Nf6+ Kg7
29. Be2 Nd7 30. Rg1 Nxf6 31. exf6+ Kg8 32. Bh5 Kh7 33. Qg3 g5 34. Bxf7 Rc7 35.
Qd3+ Kh8 36. Rxg5 Bh6 37. Rh5 Qf8 38. Qg6 Qxf7 39. Rxh6+ Qh7 40. f7+ 1-0

[Event "Solingen-ch"]
[Site "Solingen"]
[Date "2011.11.04"]
[Round "4.15"]
[White "Kublanov, Carolin"]
[Black "Kublanov, Elizabeth"]
[Result "1-0"]
[WhiteElo "978"]
[BlackElo "863"]
[PlyCount "39"]
[EventDate "2011.??.??"]
[WhiteTeam "Schachgesellschaft Solingen e.V."]
[BlackTeam "Schachgesellschaft Solingen e.V."]

1. e4 e5 2. Nf3 Nc6 3. Bc4 Nf6 4. Nc3 Bc5 5. O-O O-O 6. d3 d6 7. h3 Be6 8. Bb3
Re8 9. Bg5 h6 10. Bh4 Nd4 11. Bd5 c6 12. Bxe6 fxe6 13. Nxd4 Bxd4 14. Qd2 d5 15.
Rab1 Qa5 16. Bxf6 gxf6 17. Qxh6 Bxc3 18. bxc3 Qxa2 19. Rxb7 Qxc2 20. Qg7# 1-0

[Event "Solingen-ch"]
[Site "Solingen"]
[Date "2011.11.04"]
[Round "4.17"]
[White "Sherif, Malik"]
[Black "Weber, Jakob Martin"]
[Result "1/2-1/2"]
[WhiteElo "1052"]
[BlackElo "1306"]
[PlyCount "146"]
[EventDate "2011.??.??"]
[WhiteTeam "Schachgesellschaft Solingen e.V."]
[BlackTeam "Schachclub Bayer Leverkusen e.V."]

1. Nf3 Nc6 2. g3 e5 3. Bg2 Bc5 4. d3 d6 5. O-O Nf6 6. Nc3 O-O 7. Re1 Re8 8. Bd2
Bd7 9. e4 Qc8 10. Bg5 Ng4 11. Rf1 h6 12. Bd2 Nf6 13. Qe2 Bg4 14. Be3 Bxe3 15.
Qxe3 Bh3 16. Qe2 Bxg2 17. Kxg2 Nd4 18. Nxd4 exd4 19. Nd1 Qe6 20. Qf3 d5 21.
exd5 Qxd5 22. Qxd5 Nxd5 23. c3 dxc3 24. Nxc3 Nxc3 25. bxc3 Rad8 26. d4 Re2 27.
Rfc1 Rd6 28. Kf3 Rb2 29. Rcb1 Rdb6 30. Rxb2 Rxb2 31. c4 Kh7 32. Ke3 Kg6 33. h3
Kg5 34. f4+ Kg6 35. Kf3 Rc2 36. Rb1 b6 37. c5 Rxa2 38. cxb6 axb6 39. Rb3 Rd2
40. Rb4 Rd3+ 41. Kf2 Kf5 42. Rc4 Kg6 43. Rxc7 Rxd4 44. Rc6+ f6 45. Rxb6 Rd2+
46. Kf3 Rh2 47. h4 Rh3 48. Kg4 Rh2 49. h5+ Rxh5 50. Kf3 Rc5 51. Kg2 Kh5 52. Kf3
Rc3+ 53. Kf2 Kg4 54. Rb7 Rf3+ 55. Ke2 Rxg3 56. Rxg7+ Kxf4 57. Rf7 Rg6 58. Kf2
h5 59. Rh7 Kg5 60. Kg3 f5 61. Kh3 f4 62. Ra7 Kf5 63. Ra1 Ke4 64. Re1+ Kf5 65.
Rf1 Rg4 66. Rf2 Ke4 67. Re2+ Kd3 68. Rf2 Ke3 69. Ra2 f3 70. Ra3+ Kd2 71. Rxf3
Rg1 72. Rf5 Ke2 73. Rxh5 Rh1+ 1/2-1/2

[Event "Solingen-ch"]
[Site "Solingen"]
[Date "2011.11.18"]
[Round "5.1"]
[White "Kappelt, Jörg"]
[Black "Kniest, Oliver"]
[Result "0-1"]
[WhiteElo "2153"]
[BlackElo "2295"]
[PlyCount "82"]
[EventDate "2011.??.??"]
[WhiteTeam "Schachverein 1922 Hilden"]
[BlackTeam "Schachgesellschaft Solingen e.V."]

1. e4 e6 2. b3 c5 3. Bb2 Nf6 4. Nc3 Nc6 5. f4 d5 6. e5 Nd7 7. Bb5 Nd4 8. Bxd7+
Bxd7 9. Nf3 Nxf3+ 10. Qxf3 Bc6 11. O-O-O Be7 12. Rhe1 Qa5 13. Kb1 O-O-O 14. f5
d4 15. Ne4 Qc7 16. fxe6 fxe6 17. Qg4 Qxe5 18. d3 h5 19. Qh3 Qf5 20. Qg3 Qg4 21.
Qe5 Rd5 22. Qg3 Bh4 23. Qxg4 hxg4 24. Re2 Be8 25. c3 g3 26. Nxg3 Bxg3 27. hxg3
Bh5 28. Rh1 Bxe2 29. Rxh8+ Kc7 30. Kc2 dxc3 31. Bxc3 Bxd3+ 32. Kb2 g6 33. g4
Be4 34. g3 Rd1 35. Ba5+ b6 36. Bc3 Rb1+ 37. Ka3 b5 38. Rh7+ Kb6 39. Re7 Bd5 40.
b4 cxb4+ 41. Bxb4 a5 0-1

[Event "Solingen-ch"]
[Site "Solingen"]
[Date "2011.11.18"]
[Round "5.2"]
[White "Reksten, Daniel"]
[Black "Görke, Joachim"]
[Result "0-1"]
[WhiteElo "1824"]
[BlackElo "2158"]
[PlyCount "78"]
[EventDate "2011.??.??"]
[WhiteTeam "Schachgesellschaft Solingen e.V."]
[BlackTeam "Schachgesellschaft Solingen e.V."]

1. d4 d5 2. c4 dxc4 3. e3 c5 4. Bxc4 e6 5. Nf3 cxd4 6. Nxd4 Nf6 7. O-O a6 8.
Qf3 Qc7 9. b3 Bd6 10. h3 O-O 11. Bb2 b5 12. Bd3 Bb7 13. Qe2 Nbd7 14. Nd2 Ne5
15. Rac1 Qe7 16. Bb1 Rac8 17. e4 Ng6 18. Rxc8 Rxc8 19. Rc1 Rxc1+ 20. Bxc1 Bb8
21. N2f3 Nf4 22. Qe3 e5 23. Nf5 Qd8 24. Kh2 g6 25. Ng3 Bd6 26. Bb2 Qc7 27. a3
Nd7 28. Qd2 Nc5 29. Bc2 f6 30. h4 h5 31. Ne2 Nfe6 32. Nc3 Kg7 33. b4 Nd7 34.
Bb3 Nd4 35. Ba2 Nb6 36. Kg1 Nc4 37. Nxd4 exd4 38. Bxc4 dxc3 39. Bxc3 bxc4 0-1

[Event "Solingen-ch"]
[Site "Solingen"]
[Date "2011.11.18"]
[Round "5.3"]
[White "Schockenbäumer, Dirk"]
[Black "Bashylin, Seva"]
[Result "1-0"]
[WhiteElo "2169"]
[BlackElo "1669"]
[PlyCount "73"]
[EventDate "2011.??.??"]
[WhiteTeam "Schachgesellschaft Solingen e.V."]
[BlackTeam "Schachgesellschaft Solingen e.V."]

1. Nf3 Nf6 2. d4 g6 3. c4 Bg7 4. Nc3 O-O 5. e4 d6 6. Be2 Bg4 7. O-O Nfd7 8. Be3
Nc6 9. Ne1 Bxe2 10. Nxe2 e5 11. d5 Ne7 12. Nd3 c5 13. b4 cxb4 14. c5 dxc5 15.
Nxc5 Nxc5 16. Bxc5 a5 17. a3 b6 18. Be3 bxa3 19. Rxa3 f5 20. d6 f4 21. dxe7
Qxe7 22. Qb3+ Kh8 23. Bc1 Rf6 24. Nc3 Qb7 25. Rd1 Bf8 26. Ra4 Rc6 27. Rc4 a4
28. Nxa4 Rxc4 29. Qxc4 b5 30. Qe6 bxa4 31. Rd7 Qxd7 32. Qxd7 a3 33. Qd5 Rc8 34.
Qd1 Rc4 35. h4 Rxe4 36. Kh2 Rb4 37. Qd8 1-0

[Event "Solingen-ch"]
[Site "Solingen"]
[Date "2011.11.18"]
[Round "5.4"]
[White "Falge, Rainer"]
[Black "Zolfagharian, Kevin"]
[Result "0-1"]
[WhiteElo "1700"]
[BlackElo "1672"]
[PlyCount "54"]
[EventDate "2011.??.??"]
[WhiteTeam "Schachgesellschaft Solingen e.V."]
[BlackTeam "Schachgesellschaft Solingen e.V."]

1. d3 e5 2. g3 d5 3. Bg2 Nf6 4. c3 Bd6 5. Nf3 c6 6. Qc2 h6 7. O-O Bf5 8. Nh4
Bh7 9. e4 g5 10. Nf5 Bxf5 11. exf5 Nbd7 12. f4 gxf4 13. gxf4 Qb6+ 14. Kh1 O-O-O
15. fxe5 Nxe5 16. d4 Neg4 17. h3 Nh5 18. hxg4 Ng3+ 19. Kg1 Nxf1 20. Kxf1 Rde8
21. Bf3 Qd8 22. Qf2 h5 23. g5 h4 24. Na3 Bg3 25. Qd2 Re1+ 26. Kg2 Qd6 27. Nc2
h3# 0-1

[Event "Solingen-ch"]
[Site "Solingen"]
[Date "2011.11.18"]
[Round "5.5"]
[White "Michalczak, Thomas"]
[Black "Gwiazda, Slawomir"]
[Result "1-0"]
[WhiteElo "2325"]
[BlackElo "1982"]
[PlyCount "77"]
[EventDate "2011.??.??"]
[WhiteTeam "Schachgesellschaft Solingen e.V."]
[BlackTeam "Vohwinkeler Schachclub von 1929"]

1. e4 e6 2. d4 d5 3. Nc3 Nf6 4. e5 Nfd7 5. f4 c5 6. Nf3 Nc6 7. Be3 cxd4 8. Nxd4
Bc5 9. Qd2 O-O 10. O-O-O a6 11. Nb3 Bxe3 12. Qxe3 b5 13. Bd3 b4 14. Ne2 a5 15.
Qh3 g6 16. Qh6 Ne7 17. h4 Ba6 18. Nbd4 Bxd3 19. Rxd3 Kh8 20. Qg5 Nc5 21. Rf3
Ne4 22. Qg4 a4 23. h5 g5 24. fxg5 b3 25. g6 bxa2 26. g7+ Kg8 27. gxf8=Q+ Kxf8
28. Nxe6+ Ke8 29. Ng7+ Kf8 30. Ra3 Qa5 31. Rd1 Qc5 32. Rxa2 Qe3+ 33. Kb1 Nf2
34. Ne6+ fxe6 35. Rf1 Nf5 36. Qf3 Qxf3 37. gxf3 Nh3 38. f4 Ke7 39. Ra3 1-0

[Event "Solingen-ch"]
[Site "Solingen"]
[Date "2011.11.18"]
[Round "5.6"]
[White "Pfeiffer, Michael"]
[Black "Naundorf, Maik"]
[Result "1/2-1/2"]
[WhiteElo "1890"]
[BlackElo "2134"]
[PlyCount "73"]
[EventDate "2011.??.??"]
[WhiteTeam "Schachgesellschaft Solingen e.V."]
[BlackTeam "Schachklub Königsspringer Iserlo"]

1. d4 Nf6 2. c4 g6 3. Nc3 d5 4. cxd5 Nxd5 5. e4 Nxc3 6. bxc3 Bg7 7. Nf3 c5 8.
Rb1 O-O 9. Be2 b6 10. O-O Qc7 11. Qd2 Bb7 12. d5 Nd7 13. c4 Rae8 14. Bb2 e5 15.
Rbd1 Qd6 16. Qc3 Bh6 17. Rfe1 Re7 18. a4 Bc8 19. Bf1 Rfe8 20. a5 f5 21. exf5
gxf5 22. Bc1 Bxc1 23. Rxc1 Nf6 24. axb6 axb6 25. Rb1 e4 26. Nd2 f4 27. Qb2 Rb7
28. Qc2 Rbe7 29. Qb2 Nd7 30. Qb5 Bb7 31. Qb2 Bc8 32. Qc2 Nf6 33. Qb2 Rb7 34.
Qc2 Rbe7 35. Qb2 Rb7 36. Qc2 Rbe7 37. Qb2 1/2-1/2

[Event "Solingen-ch"]
[Site "Solingen"]
[Date "2011.11.18"]
[Round "5.7"]
[White "Speck, Stefan"]
[Black "Porstmann, Jan"]
[Result "1-0"]
[WhiteElo "1980"]
[BlackElo "1616"]
[PlyCount "99"]
[EventDate "2011.??.??"]
[WhiteTeam "Schachclub Solingen 1928 e.V."]
[BlackTeam "Schachgesellschaft Solingen e.V."]

1. d4 d5 2. Nf3 Nf6 3. c4 c6 4. Nc3 h6 5. e3 e6 6. Bd3 Bd6 7. O-O O-O 8. b3
Nbd7 9. Bb2 Re8 10. Rc1 e5 11. dxe5 Nxe5 12. cxd5 Nxf3+ 13. gxf3 Bh3 14. dxc6
bxc6 15. Re1 Nd5 16. f4 Qh4 17. Nxd5 cxd5 18. Qf3 Bg4 19. Qg3 Qxg3+ 20. fxg3
Rac8 21. Rxc8 Rxc8 22. Rc1 Re8 23. Bd4 a5 24. Kg2 f6 25. h3 Be6 26. g4 Rc8 27.
Rxc8+ Bxc8 28. Kf3 Kf7 29. Bb6 Bb4 30. Bb5 Bb7 31. Ke2 Ke6 32. Kd3 Kd6 33. Kd4
Bc6 34. Bxc6 Kxc6 35. a3 Bxa3 36. Bxa5 Bc5+ 37. Kd3 Kb5 38. Bc3 Kc6 39. e4
dxe4+ 40. Kxe4 Kd6 41. Kf5 Ke7 42. Kg6 Kf8 43. h4 Kg8 44. g5 fxg5 45. hxg5 Bf8
46. gxh6 gxh6 47. f5 h5 48. f6 Bh6 49. f7+ Kf8 50. Bb4# 1-0

[Event "Solingen-ch"]
[Site "Solingen"]
[Date "2011.11.18"]
[Round "5.8"]
[White "Hoffmann, Frank"]
[Black "Müller, Ernst"]
[Result "1-0"]
[WhiteElo "1845"]
[BlackElo "1510"]
[PlyCount "79"]
[EventDate "2011.??.??"]
[WhiteTeam "Schachverein Springer 70 Hitdorf"]
[BlackTeam "Schachgesellschaft Solingen e.V."]

1. e4 c5 2. Nc3 Nc6 3. d3 g6 4. f4 d6 5. Nf3 Bg7 6. g3 a6 7. Bg2 Rb8 8. O-O Bg4
9. Ne2 b5 10. h3 Bd7 11. c3 Qc8 12. Kh2 Qc7 13. Be3 e5 14. Qd2 Nge7 15. fxe5
Nxe5 16. Nxe5 dxe5 17. Bg5 Be6 18. Rf3 f5 19. a3 h6 20. Be3 Rd8 21. Qc2 g5 22.
Rd1 f4 23. Bc1 Nc6 24. b4 Qf7 25. Rdf1 Qh5 26. R3f2 Rf8 27. bxc5 g4 28. gxf4
exf4 29. Bxf4 gxh3 30. Bf3 Qh4 31. Bg3 Qe7 32. d4 Bc4 33. Bh5+ Kd7 34. Bg4+ Ke8
35. Rxf8+ Bxf8 36. Bd6 Rxd6 37. cxd6 Qxd6+ 38. Kxh3 Qg6 39. Rf5 Ne7 40. Bh5 1-0

[Event "Solingen-ch"]
[Site "Solingen"]
[Date "2011.11.18"]
[Round "5.9"]
[White "Bauer, Matthias"]
[Black "Kublanov, Carolin"]
[Result "1/2-1/2"]
[WhiteElo "1737"]
[BlackElo "978"]
[PlyCount "103"]
[EventDate "2011.??.??"]
[WhiteTeam "Schachverein Günnigfeld 1922 e.V"]
[BlackTeam "Schachgesellschaft Solingen e.V."]

1. e4 e5 2. Nf3 Nc6 3. Bc4 Bc5 4. O-O Nf6 5. d3 h6 6. c3 d6 7. b4 Bb6 8. a4 a6
9. Qb3 O-O 10. h3 Bd7 11. Nbd2 Qe7 12. Bb2 Be6 13. Ra2 Rfe8 14. Ba3 Kf8 15.
Bxe6 Qxe6 16. Qxe6 Rxe6 17. Nc4 Ba7 18. b5 axb5 19. axb5 Ne7 20. Bb4 d5 21.
exd5 Nfxd5 22. Bxe7+ Rxe7 23. Rfa1 Bxf2+ 24. Kxf2 Rxa2+ 25. Rxa2 Nxc3 26. Ra8+
Re8 27. Rxe8+ Kxe8 28. b6 cxb6 29. Nxb6 e4 30. dxe4 Nxe4+ 31. Ke3 Ng3 32. Ne5
Ke7 33. Nec4 Kd8 34. Kd4 Ne2+ 35. Kc5 Nf4 36. Ne3 g5 37. Nbd5 Ne6+ 38. Kb6 Kc8
39. Nf5 h5 40. Nd6+ Kd7 41. Nxf7 g4 42. h4 Nd4 43. Nf4 Nf5 44. Nxh5 Nxh4 45.
Nf4 g3 46. Ne5+ Kd6 47. Nc4+ Kd7 48. Nd2 Nxg2 49. Nxg2 Ke6 50. Nf1 Ke5 51. Nxg3
Ke6 52. Kxb7 1/2-1/2

[Event "Solingen-ch"]
[Site "Solingen"]
[Date "2011.11.18"]
[Round "5.10"]
[White "Kublanov, Vladislav"]
[Black "Reksten, Anne"]
[Result "0-1"]
[WhiteElo "1621"]
[BlackElo "1673"]
[PlyCount "56"]
[EventDate "2011.??.??"]
[WhiteTeam "Schachgesellschaft Solingen e.V."]
[BlackTeam "Schachgesellschaft Solingen e.V."]

1. Nf3 d5 2. d4 Nf6 3. Bf4 e6 4. e3 c5 5. c3 Nc6 6. Nbd2 a6 7. b3 b5 8. Bd3 c4
9. bxc4 bxc4 10. Nxc4 dxc4 11. Bxc4 Nd5 12. Bxd5 exd5 13. Qd3 Bd6 14. Ne5 Nxe5
15. dxe5 Bc7 16. O-O O-O 17. Rfd1 Bb7 18. Rab1 Bc6 19. c4 Ba4 20. cxd5 Bxd1 21.
Rxd1 Qd7 22. e6 fxe6 23. Bxc7 Qxc7 24. d6 Qd7 25. e4 Qf7 26. f3 e5 27. a4 Qe6
28. d7 Rfd8 0-1

[Event "Solingen-ch"]
[Site "Solingen"]
[Date "2011.11.18"]
[Round "5.12"]
[White "Weyer, Norbert"]
[Black "Düxmann, Marcel"]
[Result "1-0"]
[WhiteElo "1584"]
[BlackElo "1717"]
[PlyCount "75"]
[EventDate "2011.??.??"]
[WhiteTeam "Mettmann-Sport e.V."]
[BlackTeam "Schachclub Solingen 1928 e.V."]

1. d4 Nf6 2. c4 g6 3. Nc3 Bg7 4. Nf3 d6 5. g3 c6 6. Qc2 Nbd7 7. Bg2 O-O 8. O-O
e5 9. dxe5 dxe5 10. Bg5 Qc7 11. Rac1 Nc5 12. e4 Bg4 13. h3 Bxf3 14. Bxf3 Ne6
15. Be3 Nd4 16. Bxd4 exd4 17. Ne2 Nd7 18. Rcd1 c5 19. Nf4 Ne5 20. Kg2 Qd6 21.
Be2 f6 22. Nd5 Nc6 23. f4 Ne7 24. Bd3 Nxd5 25. cxd5 a6 26. b3 b5 27. a4 bxa4
28. bxa4 Rab8 29. Rb1 Rfc8 30. Rxb8 Rxb8 31. Rb1 Rb6 32. a5 Rb4 33. Rxb4 cxb4
34. Qc6 Bf8 35. Bxa6 Qc5 36. Qxc5 Bxc5 37. Bc4 Kf8 38. e5 1-0

[Event "Solingen-ch"]
[Site "Solingen"]
[Date "2011.11.18"]
[Round "5.13"]
[White "Barche, Robert"]
[Black "Kissing, Bastian"]
[Result "0-1"]
[WhiteElo "982"]
[BlackElo "1658"]
[PlyCount "60"]
[EventDate "2011.??.??"]
[WhiteTeam "Schachgesellschaft Solingen e.V."]
[BlackTeam "Schachclub Tornado Wuppertal 199"]

1. c4 Nf6 2. g3 e6 3. Bg2 d5 4. b3 c6 5. e3 Be7 6. Ne2 O-O 7. O-O Nbd7 8. Nbc3
b6 9. d4 Bb7 10. Bb2 Rc8 11. cxd5 cxd5 12. a3 Qc7 13. Rc1 Qb8 14. b4 Qa8 15.
Na4 Rfd8 16. Qb3 Ne8 17. Nec3 Nd6 18. Ba1 Nc4 19. Rc2 Bf6 20. Nb2 e5 21. Ne2
Rc7 22. Rfc1 Rdc8 23. Nxc4 dxc4 24. Rxc4 Rxc4 25. Bxb7 Rxc1+ 26. Nxc1 Rxc1+ 27.
Kg2 Qxb7+ 28. Kh3 Rxa1 29. Qc3 Rg1 30. a4 h5 0-1

[Event "Solingen-ch"]
[Site "Solingen"]
[Date "2011.11.18"]
[Round "5.14"]
[White "Nguyen, Philipp"]
[Black "Schubert, Stefan"]
[Result "1-0"]
[WhiteElo "1108"]
[BlackElo "949"]
[PlyCount "37"]
[EventDate "2011.??.??"]
[WhiteTeam "Schachgesellschaft Solingen e.V."]
[BlackTeam "Schachgesellschaft Solingen e.V."]

1. e4 e5 2. Nf3 d6 3. Nc3 Nf6 4. d4 Nbd7 5. Bg5 g6 6. dxe5 Bg7 7. exf6 Bxf6 8.
Bxf6 Nxf6 9. e5 Qe7 10. Qe2 Nh5 11. exd6 Qxe2+ 12. Bxe2 cxd6 13. O-O-O O-O 14.
Rxd6 Nf4 15. Bd1 Bg4 16. Rd4 g5 17. Nxg5 Bxd1 18. Rhxd1 Rae8 19. Rxf4 1-0

[Event "Solingen-ch"]
[Site "Solingen"]
[Date "2011.11.18"]
[Round "5.16"]
[White "Weber, Jakob Martin"]
[Black "Winkler, Fabian"]
[Result "0-1"]
[WhiteElo "1306"]
[BlackElo "1969"]
[PlyCount "54"]
[EventDate "2011.??.??"]
[WhiteTeam "Schachclub Bayer Leverkusen e.V."]
[BlackTeam "Schachgesellschaft Solingen e.V."]

1. e4 c5 2. Nf3 d6 3. Bc4 Nc6 4. O-O Nf6 5. d3 a6 6. a3 Bg4 7. Bg5 e6 8. Nbd2
Be7 9. c3 O-O 10. Re1 Qc7 11. b4 b5 12. Bb3 a5 13. Qc1 axb4 14. axb4 Rxa1 15.
Qxa1 cxb4 16. cxb4 Nxb4 17. Qd4 Qc5 18. Qxc5 dxc5 19. Ne5 Bh5 20. Nd7 Rd8 21.
e5 Rxd7 22. exf6 gxf6 23. Be3 Rxd3 24. Rc1 c4 25. Bc2 Nxc2 26. Rxc2 c3 27. Ne4
Rd1# 0-1

[Event "Solingen-ch"]
[Site "Solingen"]
[Date "2011.12.02"]
[Round "6.1"]
[White "Kniest, Oliver"]
[Black "Goerke, Joachim"]
[Result "1/2-1/2"]
[WhiteElo "2295"]
[BlackElo "2158"]
[PlyCount "27"]
[EventDate "2011.??.??"]
[WhiteTeam "Schachgesellschaft Solingen e.V."]
[BlackTeam "Schachgesellschaft Solingen e.V."]

1. Nf3 c5 2. g3 Nc6 3. Bg2 g6 4. c4 Bg7 5. Nc3 e6 6. a3 Nge7 7. Rb1 a5 8. Nb5
d5 9. cxd5 exd5 10. d4 Bf5 11. Ra1 c4 12. Bf4 O-O 13. Qd2 Be4 14. a4 1/2-1/2

[Event "Solingen-ch"]
[Site "Solingen"]
[Date "2011.12.02"]
[Round "6.2"]
[White "Zolfagharian, Kevin"]
[Black "Schockenbaeumer, Dirk"]
[Result "1/2-1/2"]
[WhiteElo "1672"]
[BlackElo "2169"]
[PlyCount "73"]
[EventDate "2011.??.??"]
[WhiteTeam "Schachgesellschaft Solingen e.V."]
[BlackTeam "Schachgesellschaft Solingen e.V."]

1. e4 c5 2. Nf3 d6 3. d4 cxd4 4. Nxd4 Nf6 5. Nc3 a6 6. Bg5 e6 7. f4 Be7 8. Qe2
h6 9. Bh4 g5 10. fxg5 Nh7 11. O-O-O hxg5 12. Bg3 Nf8 13. Nf3 Ng6 14. Bxd6 Bxd6
15. e5 g4 16. Rxd6 Nd7 17. Nd2 Qg5 18. Nce4 Qxe5 19. g3 Nc5 20. Bg2 Nxe4 21.
Nxe4 f5 22. Qc4 fxe4 23. Qc7 O-O 24. h3 Qxg3 25. hxg4 Qf4+ 26. Kb1 Qf7 27. Qc4
Qf4 28. Rd4 b5 29. Qc6 Ra7 30. Rxe4 Qc7 31. Rxe6 Bxe6 32. Qxe6+ Qf7 33. Qxf7+
Raxf7 34. Bd5 Kg7 35. Bxf7 Rxf7 36. a4 bxa4 37. Rd1 1/2-1/2

[Event "Solingen-ch"]
[Site "Solingen"]
[Date "2011.12.02"]
[Round "6.3"]
[White "Michalczak, Thomas"]
[Black "Kappelt, Joerg"]
[Result "0-1"]
[WhiteElo "2350"]
[BlackElo "2153"]
[PlyCount "166"]
[EventDate "2011.??.??"]
[WhiteTeam "Schachgesellschaft Solingen e.V."]
[BlackTeam "Schachverein 1922 Hilden"]

1. e4 d6 2. d4 Nd7 3. Nc3 e5 4. Nf3 Be7 5. Bc4 c6 6. dxe5 dxe5 7. Ng5 Bxg5 8.
Qh5 Qe7 9. Bxg5 Ngf6 10. Qh4 Nf8 11. Bxf6 Qxf6 12. Qxf6 gxf6 13. O-O-O Rg8 14.
g3 Bg4 15. Rd3 Be6 16. Bxe6 Nxe6 17. Rhd1 Rd8 18. Rxd8+ Nxd8 19. Kd2 Ne6 20.
Ke3 Ke7 21. Ne2 a5 22. Ng1 Ra8 23. Nf3 Ra6 24. Nh4 Ng7 25. a4 Rb6 26. b3 Rb4
27. Rd3 Ke8 28. f4 Ke7 29. Nf3 exf4+ 30. gxf4 f5 31. Rd4 Rxd4 32. Nxd4 fxe4 33.
Kxe4 Ne8 34. Kf5 f6 35. Kg4 Kd6 36. Kf5 Ke7 37. h3 Kf7 38. Kg4 Ke7 39. Kh5 Kd6
40. c4 c5 41. Nf5+ Ke6 42. Ne3 Nd6 43. Kh6 Nf5+ 44. Nxf5 Kxf5 45. Kxh7 Kxf4 46.
Kg6 f5 47. h4 Ke4 48. h5 f4 49. h6 f3 50. h7 f2 51. h8=Q f1=Q 52. Qe8+ Kd3 53.
Qd7+ Kc3 54. Qxb7 Qb1+ 55. Kf6 Qxb3 56. Qb5 Qxc4 57. Qxa5+ Kb3 58. Qb5+ Qb4 59.
Qd3+ Kxa4 60. Ke5 c4 61. Qd1+ Qb3 62. Qd4 Ka3 63. Qa1+ Kb4 64. Qh1 Qd3 65. Qb7+
Kc3 66. Qb6 Qe2+ 67. Kd5 Qg2+ 68. Ke5 Qb2 69. Qe3+ Kc2+ 70. Ke4 Qb7+ 71. Kf4
Qf7+ 72. Kg4 Qg6+ 73. Kh4 Qd3 74. Qf2+ Qd2 75. Qf5+ Qd3 76. Qf2+ Kd1 77. Qg1+
Kd2 78. Qf2+ Qe2 79. Qf4+ Ke1 80. Qc1+ Kf2 81. Qf4+ Kg2 82. Qg5+ Kf1 83. Qa5
Qe1+ 0-1